| 000 | 00531cam a2200205 4500 | ||
|---|---|---|---|
| 008 | 090401t1995 xxu||||| |||| 00| 0 eng d | ||
| 020 | _a1858351480 | ||
| 035 | _a(Sirsi) u26865 | ||
| 041 | _aeng | ||
| 050 | _a658.403 | ||
| 100 | _aBarker, Alan | ||
| 245 | _aCreativity for managers. | ||
| 260 |
_aLondon _bIndustrial Society _c1995 |
||
| 300 | _aix,118p. : ill. ; 24cm. | ||
| 350 | _a9.95 | ||
| 650 | _aMANAGEMENT | ||
| 690 | _aMANAGEMENT-BUSINESS MANAGEMENT-PROFESSIONAL PRACTICE | ||
| 942 | _n0 | ||
| 948 | _c04/03/1997 | ||
| 999 |
_c88998 _d88998 |
||